000 00678nam a2200229Ia 4500
003 GCL
008 140319s9999 xx 000 0 ara d
040 _aGCL /
_cGCL
082 0 4 _a780
_bص ث
100 1 _aمحمود احمد الحفنى
245 1 0 _aالثقافة الموسيقية /
_cمحمود احمد الحفنى
700 1 _aصالح عبدون
300 _a292 ص
490 _aالالف كتاب
_v0
650 0 4 _aالموسيقى
650 0 4 _aالاغانى
650 0 4 _aالالات الموسيقية
650 0 4 _aالاوبرا
650 0 4 _aالنوتة الموسيقية
650 0 4 _aالموسيقيون - تراجم
942 _2ddc
_cBK
999 _c49820
_d49820